000 00991cam a2200253 a 4500
001 000005946
005 20200929151844.0
008 971126s1990 sp a 001 p spa
020 _a8478200525
040 _aDO-SdBNP
_cDLC
_dDLC
082 _a861.64
_bP654po
100 1 _aPinillos, Manuel,
_d1914-1989.
_916751
245 1 0 _aPoesía /
_cManuel Pinillos.
260 _aZaragoza, España :
_bInstitución Fernando el Católico,
_c1990.
300 _a265 p. :
_bil. ;
_c25 cm.
490 1 _a"San Jorge"
_vvol. 57
490 1 _aPublicación de la Institución Fernando el Católico
_vno. 1215
505 0 _aSentado sobre el suelo -- La muerte o la vida -- Débil tronco querido -- Lugar de origen -- Cuando acorta el día.
650 4 _aPoesía española
_9631
650 4 _aLiteratura española
_ySIGLO XXI
_94846
830 0 _a"San Jorge" ;
_vvol. 57.
_914363
830 0 _aPublicación de la Institución Fernando el Católico ;
_vno. 1215.
_914666
910 _aCatalogación por copia / LC
999 _c5742
_d5742